000 00225nam a2200097Ia 4500
008 240331s9999 xx 000 0 und d
082 _bSTI
100 _aStiglitz, J.E
245 0 _aGlobalization and its discontents-
942 _cL
999 _c2589
_d2589